Responses for Show #6560 - Friday, March 8, 2013

Drew Horwood game 4.

Contestants

[<< previous game]

Yellowlees Douglas, an associate professor of management communications from Gainesville, Florida

Mike Munley, a digital analyst from Kearny, New Jersey

Drew Horwood, a business analyst from Minneapolis, Minnesota (whose 3-day cash winnings total $63,999)

[next game >>]

Jeopardy! Round responses

PRO SPORTS TEAMS
OUR STATE FAIR
(Alex: You have to tell us the state. We'll give you the city and the dates.)
PINS & NEEDLES
WORDS WITH A DOUBLE L
TORAH
THE EXPLORER
    $200 21
the Brewers

Mike
    $200 1
New York

Mike
    $200 16
a phonograph

Mike
    $200 11
(Mike: What is a trillion?)

a billion

DrewMike
    $200 26
the law

Yellowlees
    $200 4
Roald Amundsen

Yellowlees
    $400 22
Arsenal

Mike
    $400 2
(Drew: What is Arizona?)

Colorado

DrewMike
    $1,000 17
(Mike: What is a clock?)
...
(Alex: The needle will float, and it will point north.)

a compass

Mike
    $400 12
"Reveille"

Yellowlees
    $400 27
five

Mike
    $400 5
De Soto

Drew
    $600 23
Oklahoma City

Mike
    $600 3
Georgia

Yellowlees
    $600 18
a safety pin

Yellowlees
    $600 13
parallel

Mike
    $600 28
Mount Sinai

Drew
    $600 6
Thor Heyerdahl

Yellowlees
    $800 24
the Revolution

Mike
    $800 9
(Mike: What is Idaho?)

Montana

Mike
Triple Stumper
    $800 19
John Glenn

Drew
    $800 14
valley

Triple Stumper
    $800 29
an ark

Drew
    $800 7
Genghis Khan

Drew
    $1000 25
Winnipeg

Mike
    $1000 10
North Dakota

Yellowlees
    $1000 20
acupuncture

Mike
    $1000 15
syllogism

Yellowlees
    $1000 30
a finger (or hand)

Drew
    $1000 8
Leif Ericson

Drew

Scores at the first commercial break (after clue 15):

Drew Mike Yellowlees
$2,000 $200 $3,800

Scores at the end of the Jeopardy! Round:

Drew Mike Yellowlees
$5,200 $3,800 $4,600

Double Jeopardy! Round responses

CARIBBEAN CAPITALS
COMMON BONDS
KIDDY LIT
TOUGH TV
BIOLOGY
NORM DE GUERRE
    $400 1
Grenada

Mike
    $400 6
lakes

Mike
    $400 16
Heidi

Mike
    $400 10
Animal House

Mike
    $400 21
an eyelid

Yellowlees
    $400 26
the Norman Invasion

Drew
    $800 2
Port Au Prince

Drew
    $800 7
things you dump

Mike
    $800 17
The Wind in the Willows

Mike
    $800 11
Laura Palmer

Triple Stumper
    $800 25
testosterone

Yellowlees
    $800 27
Norman Rockwell

Drew
    $1200 3
the British Virgin Islands

Yellowlees
    $1200 8
(Yellowlees: What are accountants?)
...
(Alex: That's funny, but they're all [*].)
(Yellowlees: Oh, Crikey!)
(Alex: Crikey indeed, but they do sound like accountants.)

Charles Dickens characters

Yellowlees
Triple Stumper
    $1200 18
Dr. Dolittle

Drew
    $1200 12
the "D" List

Drew
    $2,000 22
the kidneys

Yellowlees
    $1200 28
(Norman) Schwarzkopf

Mike
    $1600 4
St. John's

Mike
    $1600 9
musical instruments

Triple Stumper
    $2,000 19
(Alex: Yes, picked that one out of the air, didn't you? [*], [*], let down your hair!)

Rapunzel

Drew
    $1600 13
(Yellowlees: What is the Jack Paar show?)

Jimmy Kimmel

DrewYellowlees
    $1600 24
(Yellowlees: What is antral?)

ventral or abdominal

Yellowlees
Triple Stumper
    $1600 29
Norman Mailer

Yellowlees
    $2000 5
Port of Spain

Mike
    $2000 15
(Alex: All three of those are [*], same comin' & goin'.)

palindromes

Triple Stumper
    $2000 20
Holes

Yellowlees
    $2000 14
Tool Time

Drew
    $2000 23
cilia

Yellowlees
    $2000 30
the American Way

Triple Stumper

Scores at the end of the Double Jeopardy! Round:

Drew Mike Yellowlees
$15,200 $11,800 $10,200

[wagering suggestions for these scores]

Final Jeopardy! Round responses

THE OSCARS
(Alex: [To Drew] No. He was nominated for Easy Rider. She was nominated as an actress in They Shoot Horses, Don't They? We're talking about [*].)
YellowleesWho are Warren Beaty & Shirley
$7,000
MikeWho are the jiodine
$8,601
DrewWho are the Coppolas?
$8,401
Jane Fonda & Peter Fonda

Final scores:

Drew Mike Yellowlees
$6,799 $3,199 $3,200
4-day champion: $70,798 3rd place: $1,000 2nd place: $2,000

Game dynamics:

Coryat scores:

Drew Mike Yellowlees
$14,800 $12,800 $9,400
16 R
(including 1 DD),
1 W
20 R,
3 W
(including 1 DD)
15 R
(including 1 DD),
3 W

Combined Coryat: $37,000

[game clues] [game scores] [suggest correction]

Game tape date: 2012-10-29
The J! Archive is created by fans, for fans. Scraping, republication, monetization, and malicious use prohibited; this site may use cookies and collect identifying information. See terms. The Jeopardy! game show and all elements thereof, including but not limited to copyright and trademark thereto, are the property of Jeopardy Productions, Inc. and are protected under law. This website is not affiliated with, sponsored by, or operated by Jeopardy Productions, Inc. Join the discussion at JBoard.tv.